| 000 | 00473nam a22001817a 4500 | ||
|---|---|---|---|
| 005 | 20231011170049.0 | ||
| 008 | 231006b |||||||| |||| 00| 0 eng d | ||
| 082 |
_a658.4030 _bZIK |
||
| 100 | _aZikmund,William.G | ||
| 245 | _aBusiness Research Methods | ||
| 250 | _a8th ed. | ||
| 300 | _a674 | ||
| 500 | _aInclude Index | ||
| 505 | _aIntroduction Beginning Stages of the Research Process | ||
| 650 | _aBusiness | ||
| 700 | _aZikmund I Babin | ||
| 942 |
_iBook _6BOOK |
||
| 999 |
_c33788 _d33788 |
||